Structural Macroeconomic Change and the Size Pattern of Manufacturing Firms (Record no. 615274)

MARC details
000 -LEADER
fixed length control field 00364nam a2200121 a 4500
008 - FIXED-LENGTH DATA ELEMENTS--GENERAL INFORMATION
fixed length control field 260221s2026##################000#0#eng##
020 ## - INTERNATIONAL STANDARD BOOK NUMBER
ISBN 9781403918048
082 04 - DEWEY DECIMAL CLASSIFICATION NUMBER
Classification number 338.64
Item number TRA
100 ## - MAIN ENTRY--AUTHOR NAME
Personal name Traù, Fabrizio
245 10 - TITLE STATEMENT
Title Structural Macroeconomic Change and the Size Pattern of Manufacturing Firms
Statement of responsibility, etc / Fabrizio Traù
942 ## - ADDED ENTRY ELEMENTS (KOHA)
Koha item type English Books
Holdings
Withdrawn status Lost status Damaged status Not for loan Home library Current library Shelving location Date acquired Full call number Accession Number Price effective from Koha item type
        Anna Centenary Library Anna Centenary Library 4TH FLOOR, A WING 21.02.2026 338.64 TRA 321334 21.02.2026 English Books

Find us on the map